000 01189nam a2200277Ia 4500
003 OSt
005 20221005110043.0
006 a|||||r|||| 00| 0
007 ta
008 221004b |||||||| |||| 00| 0 mar d
020 _c75
024 _a92595
037 _b533, 19/03/2009, Vani Prakashan
_cTextual
040 _aCRL
_cCRL
_bmar
041 _2mar
_amar
082 _aO155,1M72w, 152K9
100 _aगोले, रामचंद्र माधव
245 0 _aनरसिंह चिंतामण केलकर, आनन्द कुशवाहा अनु0
246 _aNarasianha chiantāmaṇ kelakara, ānanda kushavāhā anu
260 _aनई दिल्ली
_bसाहित्य अकादेमी भारत
_c1969
300 _a93पृ0
_ccm.
490 _aभारतीय साहित्य के निर्माता
700 _a कुशवाहा, आनन्द, अनु.
942 _hO155,1M72w, 152K9
_cTEXL
_2cc
999 _c1017642
_d1017642